00533nam a22001697a 450000500170000001000170001702000260003403500170006003700230007708200080010010000180010824501150012626000330024127000440027430000330031865000120035120101213113714.0 aB-419920-945 c270.00a9788174828880 aB-419920-945 bUpkar's Prakashan  a954 aSharma, K. K. aUpkar's civil services preliminary exam. Indian History :cby K. K. Sharmabfrom earliest times to 1964 A. D./ aAgrabUpkar Prakash c(200?) a2/11A Swedeshi Bima NagarbAgrae282002 aVarious pagings c24cm(pbk)  aHistory